书目信息 |
| 题名: |
汉英对照蒙学精品
|
|
| 作者: | 郭著章 编译 | |
| 分册: | 第一分册 | |
| 出版信息: | 武汉 武汉大学出版社 2004.05 |
|
| 页数: | 158页 | |
| 开本: | 18cm | |
| 丛书名: | 中国传统蒙学精品系列 | |
| 单 册: | ||
| 中图分类: | H194.1 | |
| 科图分类: | ||
| 主题词: | 汉语--英语--古代--启蒙读物 | |
| 电子资源: | ||
| ISBN: | 7-307-04122-7 | |
| 000 | 01228nam 2200277 450 | |
| 001 | 192004004356 | |
| 005 | 20070914151437.25 | |
| 010 | @a7-307-04122-7@dCNY8.50 | |
| 100 | @a20070604d2004 ekmy0chiy0121 ea | |
| 101 | 2 | @achi@aeng |
| 102 | @aCN@b420000 | |
| 105 | @aa a 000yy | |
| 200 | 1 | @a汉英对照蒙学精品@Ahan ying dui zhao meng xue jing pin@d= A Chinese-English collection of the best chinese traditional primers@h第一分册@f郭著章编译@zeng |
| 210 | @a武汉@c武汉大学出版社@d2004.05 | |
| 215 | @a158页@c图@d18cm | |
| 225 | 2 | @a中国传统蒙学精品系列@Azhong guo chuan tong meng xue jing pin xi lie |
| 300 | @a并列题名:Chinese-English collection of the Best chinese traditional primers | |
| 320 | @a有书目 | |
| 330 | @a本书为传统蒙学读物,由《朱子家训》、《小儿语》、《神童话》、《童蒙须知》和《弟子规》组成。每篇内容包括原文、今译、英译、简注和评介。作者尽量使英译与原文风格、特点一致,如押韵、形式,词数对应,长短一致等等。 | |
| 410 | 0 | @12001 @a中国传统蒙学精品系列 |
| 510 | 1 | @aChinese-English collection of the Best chinese traditional primers@zeng |
| 606 | 0 | @a汉语@x英语@z古代@j启蒙读物 |
| 690 | @aH194.1@v4 | |
| 701 | 0 | @a郭著章@Aguo zhu zhang@4编译 |
| 801 | 0 | @aCN@c20070914 |
| 905 | @dH194.1@eG879 | |
| 汉英对照蒙学精品= A Chinese-English collection of the best chinese traditional primers.第一分册/郭著章编译.-武汉:武汉大学出版社,2004.05 |
| 158页:图;18cm.-(中国传统蒙学精品系列) |
| 并列题名:Chinese-English collection of the Best chinese traditional primers |
| ISBN 7-307-04122-7:CNY8.50 |
| 本书为传统蒙学读物,由《朱子家训》、《小儿语》、《神童话》、《童蒙须知》和《弟子规》组成。每篇内容包括原文、今译、英译、简注和评介。作者尽量使英译与原文风格、特点一致,如押韵、形式,词数对应,长短一致等等。 |
| ● |
| 相关链接 |
|
|
|
正题名:汉英对照蒙学精品
索取号:H194.1/G879
 
预约/预借
| 序号 | 登录号 | 条形码 | 馆藏地/架位号 | 状态 | 备注 |
| 1 | 616688 | 206166888 | 语言库209/209语言库 77排3列5层/ [索取号:H194.1/G879] | 在馆 | |
| 2 | 616689 | 206166897 | 语言库209/209语言库 77排3列5层/ [索取号:H194.1/G879] | 在馆 | |
| 3 | 616690 | 206166904 | 语言库209/209语言库 77排3列5层/ [索取号:H194.1/G879] | 在馆 |